Reykjavik - Choix multiples - Statistiques

Statistiques générales
  • Ce quiz a été pris 2 080 fois
    2 054 depuis la dernière actualisation
  • Le résultat moyen est 7 sur 10
Statistiques - réponses
Question Réponse % Correct
Laquelle de ces photos représente une surprenante église de Reykjavik ?
83%
Quels pays ont possédé Reykjavik depuis sa fondation en 1786 ? La Norvège et le Danemark
82%
Quel sport était pratiqué lors de championnats du monde très médiatisés en 1972, opposant notamment le soviétique Spassky à l'américain Fischer ? Échecs
81%
Quelle chanteuse surnomée la Reine de la pop expérimentale est née à Reykjavik ? Björk
77%
Quel superlatif peut être associé à Reykjavik ? La capitale la plus septentrionale
70%
Quel acteur incarne Jason Bourne dans un film qui se déroule à Reykjavik paru en 2016 ? Matt Damon
66%
En quelle année les premiers colons sont-ils arrivés dans la zone de Reykjavik ? 874
56%
Quel explorateur scandinave, qui aurait selon des sagas islandaises été le premier européen à découvrir l'Amérique du Nord, possède une importante statue à Reykjavik ? Leif Erikson
48%
Que signifie le nom Reykjavik en français, rappelant la géographie islandaise ? Baie des fumées
47%
Quelle particularité possède le parlement islandais à Reykjavik (Althing) ? C'est le plus ancien du monde
43%
Aucun quiz correspondant
Distribution des résultats
% des personnes avec chaque résultat
Percentile par nombre de réponses
Votre historique - résultats
Vous n’avez pas pris ce quiz depuis la dernière actualisation